Dôchodkové sporenie na Slovensku bakalárska práca

Guardado en:
Detalles Bibliográficos
Autor principal: Haľková, Erika
Autor Corporativo: Národohospodárska fakulta EU. Katedra bankovníctva a medzinárodných financií
Otros Autores: Šimko, Martin
Formato: Libro
Lenguaje:eslovaco
Publicado: Bratislava 2011
Etiquetas: Agregar Etiqueta
Sin Etiquetas, Sea el primero en etiquetar este registro!

MARC

LEADER 00000nbm a2200000 4500
001 0139739
005 20161109111642.6
041 0 |a slo 
044 |a SK 
245 1 0 |a Dôchodkové sporenie na Slovensku  |b bakalárska práca  |c Erika Haľková ; školiteľ: Martin Šimko 
264 1 |a Bratislava  |c 2011 
300 |a 51 s. 
100 1 |a Haľková, Erika 
700 1 |a Šimko, Martin 
710 2 |a Národohospodárska fakulta EU. Katedra bankovníctva a medzinárodných financií